All countries of Africa Quiz Stats

 Plays Quiz not verified by Sporcle

Score 0/54 Timer 08:00
0 Plays Today
% Correct
Egypt
97.3%
Algeria
96.4%
Madagascar
96.4%
Niger
96.4%
South Africa
95.5%
Democratic Republic of the Congo
94.6%
Morocco
93.7%
Sudan
93.7%
Nigeria
92.8%
Namibia
91.9%
Zimbabwe
91.9%
Libya
91%
South Sudan
91%
Somalia
90.1%
Ethiopia
89.2%
Kenya
89.2%
Chad
88.3%
Tunisia
88.3%
Angola
86.5%
Uganda
86.5%
Botswana
85.6%
Ghana
85.6%
Lesotho
85.6%
Central African Republic
84.7%
Zambia
84.7%
Eritrea
83.8%
Mali
83.8%
% Correct
Rwanda
83.8%
Togo
83.8%
Cote d'Ivoire
82.9%
Guinea
82%
Tanzania
82%
Mozambique
81.1%
Swaziland
81.1%
Republic of the Congo
78.4%
Djibouti
78.4%
Liberia
77.5%
Seychelles
77.5%
Gabon
76.6%
Senegal
76.6%
Mauritania
75.7%
Benin
74.8%
Cameroon
74.8%
The Gambia
74.8%
Mauritius
73.9%
Sierra Leone
73%
Equatorial Guinea
72.1%
Malawi
72.1%
Guinea-Bissau
71.2%
Burkina Faso
68.5%
Burundi
68.5%
Cabo Verde
65.8%
Comoros
61.3%
Sao Tome and Principe
56.8%

You're not logged in!

Compare scores with friends on all Sporcle quizzes.
OR
Log In

Show Comments

Extras

Top Quizzes Today


Score Distribution

Your Account Isn't Verified!

In order to create a playlist on Sporcle, you need to verify the email address you used during registration. Go to your Sporcle Settings to finish the process.

Report this User

Report this user for behavior that violates our Community Guidelines.

Details: